| 000 | 00343 a2200133 4500 | ||
|---|---|---|---|
| 001 | 64352 | ||
| 082 | _a510.28553 WOL | ||
| 090 |
_c37987 _d37987 |
||
| 100 | _aWolfram S | ||
| 245 |
_aMathematica _bA system for doing mathematics by computer |
||
| 250 | _a2 | ||
| 260 |
_aReading Massachusetts _bAddison-Wesley _c1991 |
||
| 300 | _a961 p | ||
| 942 |
_aNUST-CAE _k510.28553 WOL |
||
| 999 |
_c299425 _d299425 |
||